000 00978nac a22002771i 4500
003 EG-ScBUE
005 20250306101940.0
008 250306t1962 nyua f 000 0 eng d
040 _aEG-ScBUE
_beng
_erda
_cEG-ScBUE
_dEG-ScBUE
041 1 _aeng
_hrus
082 0 4 _a516.5
_bYAG
_222
100 1 _aYaglom, I. M.,
_eauthor.
245 1 0 _aGeometric transformations /
_cby I. M. Yaglom ; translated from the Russian by Allen Shields, University of Michigan.
264 1 _a[New York] :
_bRandom House,
_c[1962]
264 4 _cc1962
300 _a133 pages :
_billustrations ;
_c23 cm.
336 _2rdacontent
_atext
_btxt
337 _aunmediated
_2rdamedia
_bn
338 _avolume
_bnc
_2rdacarrier
490 0 _aNew mathematical library
546 _aText in English ; translated from the original Russian language.
650 7 _aTransformations (Mathematics)
_2BUEsh
655 _vReading book
942 _cBB
_2ddc
999 _c1863
_d1863